000 00287nam a22001337a 4500
008 171014b xxu||||| |||| 00| 0 eng d
020 _a9780679759119
041 _aeng
080 _a331
100 _a52
101 _aPUN
245 _aTRASHPROOF RESUMES
_cHAFT, T.D
942 _2udc
_cBK
999 _c33947
_d33947